Aislamiento de levaduras obtenidas de procesos de fermentación de Jabuticaba (Plinia cauliflora) (Registro nro. 35128)

Detalles MARC
000 -CABECERA
Longitud fija campo de control 01011nam a22002177a 4500
003 - IDENTIFICADOR DELl NÚMERO DE CONTROL
Identificador del número de control OSt
005 - FECHA Y HORA DE LA ÚLTIMA TRANSACCIÓN
Fecha y hora de la última transacción 20240920224215.0
008 - CÓDIGOS DE INFORMACIÓN DE LONGITUD FIJA
Códigos de información de longitud fija 240422b ||||| |||| 00| 0 eng d
040 ## - FUENTE DE LA CATALOGACIÓN
Centro transcriptor BCRI
082 ## - NÚMERO DE LA CLASIFICACIÓN DECIMAL DEWEY
Númeroo de clasificación 658.562
100 1# - PUNTO DE ACCESO PRINCIPAL-NOMBRE DE PERSONA
9 (RLIN) 48631
Nombre de persona Alvarez Gutierrez, Karen Yamileth
245 10 - MENCIÓN DE TÍTULO
Título Aislamiento de levaduras obtenidas de procesos de fermentación de Jabuticaba (Plinia cauliflora)
Resto del título : Investigación, informe final
Mención de responsabilidad, etc. Karen Yamileth Alvarez Gutierrez, Dudbin Manfredo Rodriguez Salazar
260 ## - PUBLICACIÓN, DISTRIBUCIÓN, ETC. (PIE DE IMPRENTA)
Lugar de publicación, distribución, etc. Santa Ana
Nombre del editor, distribuidor, etc. Universidad Católica de El Salvador
Fecha de publicación, distribución, etc. 2024
300 ## - DESCRIPCIÓN FÍSICA
Extensión 90 p.
Dimensiones 27 cm.
Material anejo + 1 disco compacto
502 ## - NOTA DE TESIS
Nota de tesis Trabajo de graduación para optar al grado académico de Ingeniero en Tecnología y Procesamiento de Alimentos.
505 ## - NOTA DE CONTENIDO CON FORMATO
Nota de contenido con formato Período de realización: agosto 2023 a enero 2024
650 #0 - PUNTO DE ACCESO ADICIONAL DE MATERIA - TÉRMINO DE MATERIA
9 (RLIN) 7601
Término de materia o nombre geográfico como elemento inicial Control de calidad
700 1# - PUNTO DE ACCESO ADICIONAL - NOMBRE DE PERSONA
9 (RLIN) 48632
Nombre de persona Rodriguez Salazar, Dudbin Manfredo
710 2# - PUNTO DE ACCESO ADICIONAL - NOMBRE DE ENTIDAD
9 (RLIN) 1166
Nombre de entidad o nombre de jurisdicción como elemento inicial Universidad Católica de El Salvador
Unidad subordinada Facultad de Ingeniería y Arquitectura
942 ## - ENTRADA DE ELEMENTOS AGREGADOS (KOHA)
Fuente de clasificaión o esquema Dewey Decimal Classification
Koha [por defecto] tipo de item 4- Trabajo de Graduación
Existencias
Suprimido Perdido Fuente de clasificación o esquema Estropeado Restricciones de uso No para préstamo Código de colección Localización permanente Localización actual Localización en estanter&íacute;as Fecha adquisición Fuente de adquisición Número de inventario Préstamos totales Signatura completa Código de barras Fecha última consulta Fecha del precio de reemplazo Tipo de item de Koha
NULL NULL Dewey Decimal Classification NULL Prestable NULL NULL Biblioteca Miguel de Cervantes - UNICAES Biblioteca Miguel de Cervantes - UNICAES Sala Principal 05/04/2024 Donación - Karen Yamileth Alvarez Gutierrez, Dudbin Manfredo Rodriguez Salazar 000944   P-000944 1052234 30/07/2024 30/07/2024 4- Trabajo de Graduación